Łzy - "Agnieszka" tekst - Statystyki

Ogólne statystyki
  • Ten quiz został rozwiązany 1 174 razy
  • Średni wynik to 184 z 274
Statystyki odpowiedzi
Odpowiedź % Poprawnych
o
96%
by
92%
i
92%
w
92%
był
91%
a
89%
lato
89%
nie
89%
już
88%
się
88%
Było
87%
on
86%
tak
86%
za
86%
Agnieszka
85%
czas
85%
dawno
85%
ona
85%
dużo
84%
mało
84%
padało
84%
piło
84%
przy
84%
na
83%
spało
83%
była
82%
czasem
82%
mieszka
82%
młody
82%
tutaj
82%
jeszcze
81%
młoda
81%
wina
81%
choć
79%
przygoda
79%
wakacyjna
78%
zaczeła
78%
go
77%
po
75%
ty
75%
mo
72%
księżyca
71%
świetle
71%
ubikacji
71%
męskiej
69%
moje
68%
Moje
68%
namiętnie
68%
że
68%
ze
68%
kochali
67%
kochanie
67%
nocami
67%
chodzili
66%
śliczne
66%
zakochani
66%
do
65%
ścieżkami
65%
zawsze
64%
leśnymi
63%
wakacji
62%
długimi
61%
sobą
61%
bo
60%
nadszedł
60%
będą
59%
mijały
59%
od
59%
rozstania
59%
zdanie
59%
tygodnie
58%
57%
lecz
57%
miłość
57%
mu
57%
niej
57%
rok
57%
spotkają
57%
jedno
56%
matka
56%
gdy
55%
jesień
55%
otworzyła
55%
55%
drzwi
54%
mówił
54%
wiosnę
54%
zime
54%
zimę
54%
dnia
53%
powiedziała
53%
tych
53%
miłosne
52%
pamiętnych
52%
wzajemną
52%
odpowiedzi
51%
ostatniego
51%
przed
51%
przysięgli
50%
zobaczy
50%
Bogiem
49%
jej
49%
listy
49%
49%
dostał
47%
odwiedzić
47%
pisał
47%
postanowił
47%
żadnej
47%
wytrzymał
45%
domu
44%
podróży
44%
schowała
44%
ujrzała
44%
dla
43%
długiej
43%
szybko
43%
końcu
42%
przeżył
42%
samotności
42%
znaczył
42%
cieszył
41%
dość
41%
nią
41%
przyjechał
41%
tęsknił
41%
tyle
41%
tam
35%
zawody
32%
takie
31%
też
29%
pamiętną
28%
ubikację
28%
całą
27%
pojechał
27%
sercu
27%
zobaczyła
27%
czy
26%
jest
26%
tylko
26%
wakacje
26%
jego
25%
piękne
24%
ucieszyła
24%
cierpiał
23%
rozczarował
23%
zobaczyć
23%
przeszło
22%
zupełnie
22%
miejsce
21%
stało
21%
tamto
21%
zapytała
21%
ogromnie
20%
przypadkiem
20%
odpowiedział
19%
jednym
17%
zdaniem
17%
Nie znaleziono quizów pasujących do podanych kryteriów
Rozkład punktacji
Procent ludzi z każdym wynikiem
Percentyl według liczby udzielonych odpowiedzi
Twoja historia wyników
Nie rozwiązałeś tego quizu